| 000 | 00392nam a2200169Ia 4500 | ||
|---|---|---|---|
| 001 | 14656 | ||
| 003 | IN-NITTTR | ||
| 005 | 20251114233138.0 | ||
| 008 | 251113s9999||||xx |||||||||||||| ||eng|| | ||
| 040 | _beng | ||
| 040 | _cIN-NITTTR | ||
| 041 | _aeng | ||
| 082 | _a616.205 M959C R | ||
| 100 | _aMurphy, Wendy | ||
| 245 | 0 |
_aCoping with the common cold. / _cMurphy, Wendy |
|
| 942 |
_2ddc _cBK |
||
| 999 |
_c17292 _d17292 |
||